000 00426nam a22001697a 4500
005 20180720151959.0
008 160620b xxu||||| |||| 00| 0 eng d
020 _a81-317-0927-2
041 _aeng
082 _b8330
_a658.3
100 _aMullins, Laurie, J.
_94603
245 _aManagement and orgnisational Behaviour
260 _aDelhi
_bPearson Education
300 _a1050p,
650 _aManagement
_9241
942 _cBK
999 _c3188
_d3187